แสดงรายละเอียดบรรณานุกรม
  กลับหน้าหลัก

Brief Record : Get Marc (ISO 2709) : E-mail record : QR code ปิดหน้าต่าง
LEADER 00000nam 2200000uu 4500
001    210449
003     ULIBM
005    
006    
007    
008    020711s2557 th a 000 0 tha d
010    
015    
016    
020    
022    
024 0  
035    
039    
040    
041    
042    
043    
049    
050  0 
060  4 WB310 ผ932 2557
082 0  
090    
091    
092    
095    
098    
099    
100 0  
110 0  
111 0  
130 0  
140    
146    
160    
200    
210 0  
222  0 
240 00 
242 10 
243 00 
245    แผนยุทธศาสตร์ระดับชาติว่าด้วยการสร้างเสริมสุขภาวะในระยะท้ายของชีวิต พ.ศ.2557-2559 :^bตามมติสมัชชาสุขภาพเฉพาะประเด็น ครั้งที่ 2 วันอังคารที่ 17 ธันวาคม 2556 ณ ศูนย์การประชุมอิมแพ็ค เมืองทองธานี นนทบุรี/^cสำนักงานคณะกรรมการสุขภาพแห่งชาติ (สช.)
246 30 แผนยุทธศาสตร์ระดับชาติว่าด้วยการสร้างเสริมสุขภาวะในระยะท้ายของชีวิต พ.ศ.2557-2559
247 00 
250    พิมพ์ครั้งที่ 3
254    
255    
256    
257    
260    นนทบุรี :^bสำนักงานคณะกรรมการสุขภาพแห่งชาติ (สช.),^c2557.
263    
270    
300    55 หน้า.
306    
307    
310    
321    
340    
342 00 
343    
344    
345    
351    
352    
355 0  
357    
360    
362 0  
400    
410    
411    
420    
440    
450    
490 0  
500    
501    
502    
504    
505 0  
506    
508    
511 0  
513    
520    
521    
525    
530    
533    
534    
535 1  
536    
538    
540    
541    
545    
546    
550    
556    
580    
581    
586    
590    
591    
592    
600 00 
610 00 
611 00 
617    
630 00 
650  4 ผู้ป่วยระยะสุดท้าย ^xการดูแล
650  4 การดูแลขั้นวิกฤติ
650  4 ผู้ป่วยระยะสุดท้าย ^xการสร้างเสริมสุขภาวะ
651  0 
653    
654    
655  0 
656  7 
657  7 
658    
690    
691    
692    
693    
694    
695    
700 0  
710 2  สำนักงานคณะกรรมการสุขภาพแห่งชาติ (สช.)
711 0  
730 0  
740 0  
760 0  
765 0  
767 0  
770 0  
773 0  
775 0  
776 0  
780 00 
785 00 
800 0  
810 0  
811 0  
830  0 
850    
852    
856    
898    
900    
902    
905    
907    
910    
913    
917    
930    
945    
949    
950    
955    
958    
990    
995    
998    
999    "^aใช้งานได้ทุกระบบ"
รายการนี้ยังไม่มีแท็ก
คุณยังไม่ได้ล็อกอิน คุณสามารถมีกิจกรรมร่วมกับเว็บไซต์ได้ แต่ต้องล็อกอินก่อน ::
  ล็อกอิน
ลำดับที่ ประเภท เลขเรียก สถานที่ สถานะ
1. หนังสือทั่วไป
หนังสือทั่วไป
WB310 ผ932 2557 c.1 
  
หนังสือทั่วไป On Shelf
  ขอยืม
   [แสดง 1/1 รายการ]

รายการใกล้เคียง
    ผู้แต่ง [""]

BibComment


ยังไม่เคยถูกคอมเมนท์

คอมเมนท์ทรัพยากรรายการนี้
  คอมเมนท์: แผนยุทธศาสตร์ระดั..
Bib 210449

 
 
 

 Union Library Management : ULibM
Copyright 2026. All Rights Reserved.
скачать бесплатно без регистрации порно красивый секс HD Sex Hindi sex

xxx gou

xxxx

bfxxx

xxxwww

Секса Видео

xxxx

Секса Видео

detube

geilexxx

C99 Shell

worms shell

blod xxx video
Ebony Coed Rihanna Rimes Takes A Dick In Her Young Twat priyaa indian fuck anal and pusssy hardcore indian women xxx desi hardcore fucking part 1 bengalixxxcouple